Bioestadística: principios y procedimientos

Αποθηκεύτηκε σε:
Λεπτομέρειες βιβλιογραφικής εγγραφής
Κύριοι συγγραφείς: Steel, Robert G. D (Συγγραφέας), Torrie, James H (Συγγραφέας)
Μορφή: Βιβλίο
Γλώσσα:Ισπανικά
Έκδοση: Bogotá McGraw-Hill 1985
Θέματα:
Ετικέτες: Προσθήκη ετικέτας
Δεν υπάρχουν, Καταχωρήστε ετικέτα πρώτοι!

MARC

LEADER 00000nam a2200000 a 4500
001 UCV4864
003 CL-VaPUC
008 890829e19850000CK |||||||||||||||||spa|d
082 0 4 |a 570.72  |b STE  |2 21 
100 0 |a Steel, Robert G. D  |e author  |9 299036 
700 0 |a Torrie, James H  |e author  |9 299037 
245 1 0 |a Bioestadística: principios y procedimientos 
300 |a 622 p 
942 |c BK 
945 |d 19890829 00:00:00 
260 |a Bogotá  |b McGraw-Hill  |c 1985 
650 0 |a Bioestadística  |9 261187 
583 |a last modification  |c 19890829 00:00:00  |k Rodrigo Vera 
999 |c 211510  |d 211508 
952 |0 0  |1 0  |4 0  |6 570_720000000000000_STE_1985  |7 0  |8 A  |9 190943  |a BIBMAT  |b BIBMAT  |d 2019-11-14  |i 2586320  |o 570.72 STE 1985  |p 2586320  |r 2025-01-07  |w 2019-11-14  |y BK  |k MAT 
952 |0 0  |1 0  |4 0  |6 570_720000000000000_STE_1985  |7 0  |8 A  |9 190944  |a BIBMAT  |b BIBMAT  |d 2019-11-14  |i 2586339  |o 570.72 STE 1985  |p 2586339  |r 2025-01-07  |w 2019-11-14  |y BK  |k MAT 
952 |0 0  |1 0  |4 0  |6 570_720000000000000_STE_1985  |7 0  |8 CCM  |9 190947  |a BIBCUR  |b BIBCUR  |d 2019-11-14  |i 1969269  |o 570.72 STE 1985  |p 1969269  |r 2025-04-22  |w 2019-11-14  |y BK_R  |k CIM